000 00465nam a22001577a 4500
005 20251108171002.0
008 250721s1997 xx 000 0 ara d
082 1 4 _aط/ق/مسع
100 1 _aمسعود، أنطون
245 1 0 _aالنسر الكريم :
_bخمس روائع من قصص القرآن /
264 1 _aبيروت :
_bبيت الحكمة،
_c1997.
300 _a95ص
650 1 7 _aالقصص العربية
942 _2ddc
_cBK
999 _c53684
_d53684